[Event "Enniscrone Sligo op-A"]
[Site "Enniscrone"]
[Date "2025.02.02"]
[Round "4"]
[White "Nikula, Mikko"]
[Black "Mcdermott, Malo"]
[Result "1/2-1/2"]
[WhiteElo "1882"]
[BlackElo "1985"]
[PlyCount "43"]
[EventDate "2025.01.31"]
[EventType "swiss"]
[EventRounds "5"]
[EventCountry "IRL"]
[SourceTitle "CB06_2025"]
[SourceDate "2025.02.05"]
[SourceVersion "1"]
[SourceVersionDate "2025.02.05"]
[SourceQuality "1"]

1. e4 c5 2. Nf3 Nc6 3. d4 cxd4 4. Nxd4 Nf6 5. Nc3 e5 6. Ndb5 d6 7. Nd5 Nxd5 8. exd5 Nb8 9. c4 Be7 10. Bd3 0-0 11. 0-0 a6 12. Nc3 f5 13. f4 e4 14. Be2 Qb6+ 15. Kh1 Nd7 16. Qb3 Qxb3 17. axb3 Nc5 18. Ra3 Bf6 19. b4 Nd7 20. Be3 b6 21. Nb5 Be7 22. Nd4 1/2-1/2

[Event "Enniscrone Sligo op-A"]
[Site "Enniscrone"]
[Date "2025.01.31"]
[Round "1"]
[White "Mcdermott, Malo"]
[Black "Orourke, Emmet"]
[Result "1-0"]
[WhiteElo "1985"]
[BlackElo "1889"]
[PlyCount "59"]
[EventDate "2025.01.31"]
[EventType "swiss"]
[EventRounds "5"]
[EventCountry "IRL"]
[SourceTitle "CB06_2025"]
[SourceDate "2025.02.05"]
[SourceVersion "1"]
[SourceVersionDate "2025.02.05"]
[SourceQuality "1"]

1. e4 c6 2. d4 d5 3. e5 c5 4. c4 Nc6 5. Nf3 cxd4 6. Nxd4 e6 7. Nc3 Bc5 8. Nxc6 bxc6 9. Qg4 Ne7 10. Qxg7 Rg8 11. Qxh7 Qb6 12. Qc2 Nf5 13. g3 Nd4 14. Qh7 Rf8 15. Bg2 Ba6 16. 0-0 Bxc4 17. Bh6 Bxf1 18. Na4 Qb5 19. Nxc5 Bxg2 20. Bxf8 Bf3 21. h4 Qxb2 22. Rb1 Qxa2 23. Bd6 Qxb1+ 24. Qxb1 Nb5 25. Qh7 0-0-0 26. Qxf7 Nxd6 27. exd6 Rxd6 28. Qb7+ Kd8 29. Qb8+ Ke7 30. Qc7+ 1-0